000 01064nam2a2200301 4500
001 RU\NLR\bibl\328894
005 20250621144306.0
010 _a5-7949-0105-5
_9500
021 _aRU
_b2002-35499
_91729
035 _a(NLR Aleph) 000323872
090 _a114318
_c114318
100 _a20021016d2002 |||y0rusy50 ca
101 0 _arus
102 _aRU
105 _aa |||||||||
200 1 _aДуша обязана трудиться
210 _d2002
_aБ. м.
215 _a191 с.
_cил.
461 0 _1001RU\NLR\bibl\409285
_12001#$aАнтология современной лирики - 2002$vВып. 1
_9589291
_cМ.
_d2002
_f[Редкол.:... А. Н. Жуков (ред.-сост.) и др.]
_nМО СП России
_tАнтология современной лирики - 2002
_vВып. 1
675 _a821.161.1-1
_v3
_zrus
686 _a17.82
_2rugasnti
686 _a84(2Рос-Рус)6-5
_2rubbk
801 0 _aRU
_bRKP
_c20021016
_gPSBO
801 1 _aRU
_bRKP
_c20021016
801 2 _aRU
_bNLR
_c20030619
_grcr
942 _cBOOK
980 _aNB